Mercury in the environment: An epidemiololgical and toxicological appraisal (Record no. 34472)

MARC details
000 -LEADER
fixed length control field 00344nam a2200121Ia 4500
082 ## - DEWEY DECIMAL CLASSIFICATION NUMBER
Classification number 546.49
Item number FRI;1
245 #0 - TITLE STATEMENT
Title Mercury in the environment: An epidemiololgical and toxicological appraisal
260 ## - PUBLICATION, DISTRIBUTION, ETC. (IMPRINT)
Place of publication Ohio
Name of publisher CRC
Year of publication 1972
700 ## - ADDED ENTRY--PERSONAL NAME
Personal name Friberg, Las
700 ## - ADDED ENTRY--PERSONAL NAME
Personal name Vostal, Jaroslav
942 ## - ADDED ENTRY ELEMENTS (KOHA)
Koha item type Books
Holdings
Withdrawn status Lost status Damaged status Not for loan Home library Current library Date acquired Cost, normal purchase price Full call number Accession Number Koha item type
        RRII Library RRII Library 16/12/2021 44.95 546.49 FRI;1 14908 Books